000 00734cam a22002533a 4500
001 31592
003 PGUSA
005 20140828083701.0
008 100310s2010||||xxu|||||s|||||000 | eng d
040 _aPGUSA
_beng
042 _adc
050 4 _aPR
100 1 _aAddison, Joseph,
_d1672-1719
245 1 0 _aCato :
_bA Tragedy, in Five Acts
_h[electronic resource] /
_cJoseph Addison
260 _bProject Gutenberg,
_c2010
506 _aPublic domain in the USA.
516 _aElectronic text
653 _aCato, Marcus Porcius, 95 B.C.-46 B.C. -- Drama
653 _aTragedies
700 1 _aInchbald,
_cMrs,
_d1753-1821
830 0 _aProject Gutenberg
_v31592
856 4 0 _uhttp://www.gutenberg.org/ebooks/31592
942 _cEB
999 _c260847
_d260847